000 00267nam a22000857a 4500
008 230601b ||||| |||| 00| 0 eng d
100 _aAustralian Post Office
245 _aThe Early Commonwealth Period and the Kangaroo and Map Series
650 _aAustralian Kangaroo and Map
999 _c3530
_d3530